Top 25 players - NBA2k21 Ratings - Statistics

General Stats
  • This quiz has been taken 88 times
  • The average score is 16 of 25
Answer Stats
Overall Player Name % Correct
97 Lebron James
100%
97 Stephen Curry
98%
96 Kevin Durant
94%
95 James Harden
90%
96 Giannis Antetokounmpo
89%
94 Luka Doncic
81%
96 Nikola Jokic
81%
91 Kyrie Irving
79%
95 Joel Embiid
76%
93 Anthony Davis
75%
96 Kawhi Leonard
75%
94 Damian Lillard
67%
88 Russell Westbrook
65%
89 Chris Paul
60%
88 Paul George
60%
90 Jayson Tatum
54%
89 Devin Booker
51%
92 Jimmy Butler
51%
90 Bradley Beal
43%
89 Donovan Mitchell
41%
88 Zach Lavine
38%
88 Karl-Anthony Towns
37%
90 Zion Williamson
37%
89 Julius Randle
24%
88 Ruby Gobert
0%
No matching quizzes found
Score Distribution
Percent of People with Each Score
Percentile by Number Answered
Your Score History
You have not taken this quiz